LEADER 01293nam0 2200349 450 001 000022640 005 20081218102720.0 100 $a20081021d1930----km-y0itaa50------ba 101 0 $aita 102 $aIT 200 1 $aLisippo$fPericle Ducati 210 $aRoma$cIstituto nazionale L.U.C.E.$d1930 (Bergamo, Istituto It. D'arti Grafiche) 215 $a[10 p.], 24 c. di tav.$cill.$d16 cm 225 2 $a<> arte per tutti$v13. 300 $aL. 5 300 $aIn testa al front. firma autografa: Sergio de Pilato, nov. '930, IX 410 1$12001$a<> arte per tutti$v13. 600 1$aLisippo$xOpere 676 $a733.3$v(21. ed.)$9Scultura greca (Scultura ellenica) 676 $a730.92$v(21.)$9Scultori 700 1$aDucati,$bPericle$036453 801 0$aIT$bUniversitā della Basilicata - B.I.A.$gRICA$2unimarc 912 $a000022640 996 $aLisippo$987868 997 $aUNIBAS CAT $aSTD069$b01$c20081021$lBAS01$h1417 CAT $aSTD069$b01$c20081021$lBAS01$h1417 CAT $aSTD069$b01$c20081118$lBAS01$h1429 CAT $aTTM$b30$c20081216$lBAS01$h1330 CAT $aTTM$b30$c20081218$lBAS01$h1027 FMT Z30 -1$lBAS01$LBAS01$mBOOK$1BASA1$APolo Storico-Umanistico$2FDEP2$BFondo De Pilato Biscione$3FD/107502$6107502$5107502$820081216$f52$FRari LEADER 01966nas 2200589-a 450 001 9910145983803321 005 20250702195359.0 011 $a1944-8899 035 $a(OCoLC)212906368 035 $a(CKB)1000000000435034 035 $a(CONSER)--2008230023 035 $a(EXLCZ)991000000000435034 100 $a20080306a20079999 sa- a 101 0 $aeng 135 $aur||||||||||| 181 $ctxt$2rdacontent 182 $cc$2rdamedia 183 $acr$2rdacarrier 200 00$aFDIC quarterly 210 $a[Washington, D.C.] $cFDIC 215 $a1 online resource (volumes) 300 $aIn scope of the U.S. Government Publishing Office Cataloging and Indexing Program (C&I) and Federal Depository Library Program (FDLP). 311 08$a1944-8880 517 3 $aFederal Deposit Insurance Corporation quarterly 606 $aBanks and banking$zUnited States$vStatistics$vPeriodicals 606 $aEconomic forecasting$zUnited States$vPeriodicals 606 $aBanks and banking$2fast$3(OCoLC)fst00826867 606 $aEconomic forecasting$2fast$3(OCoLC)fst00901942 606 $aEconomic history$2fast$3(OCoLC)fst00901974 606 $aBank$2stw 606 $aBankgeschäft$2stw 606 $aUSA$2stw 607 $aUnited States$xEconomic conditions$vPeriodicals 607 $aUnited States$2fast$1https://id.oclc.org/worldcat/entity/E39PBJtxgQXMWqmjMjjwXRHgrq 608 $aPeriodicals.$2fast 608 $aStatistics.$2fast 608 $aStatistics.$2lcgft 608 $aPeriodicals.$2lcgft 615 0$aBanks and banking 615 0$aEconomic forecasting 615 7$aBanks and banking. 615 7$aEconomic forecasting. 615 7$aEconomic history. 615 7$aBank. 615 7$aBankgeschäft. 615 7$aUSA. 676 $a332 712 02$aFederal Deposit Insurance Corporation. 906 $aJOURNAL 912 $a9910145983803321 996 $aFDIC quarterly$92203111 997 $aUNINA